=LDR 00000nam 2200000 4500 =001 INLIS000000000057876 =005 20210527081030 =035 ##$$a 0010-0521000091 =007 ta =008 210527###########################0#ind## =082 ##$$a 351.72 =084 ##$$a 351.72 =245 1#$$a Analisa(cara modern) Anggaran Biaya Pelaksanaan /$c Ir. a. Soedroadjat Sastraatmadja =300 ##$$a 291 : $b Ilustrasi ; $c 21 cm =264 ##$$a Bandung :$b Nova,$c 1994 =336 ##$$a teks$2 rdacontent =337 ##$$a lain-lain$2 rdamedia =338 ##$$a lain-lain$2 rdacarrier =990 ##$$a 03610361